| 000 | 01046nam a22002537a 4500 | ||
|---|---|---|---|
| 005 | 20170124102935.0 | ||
| 010 | _aB-048696 | ||
| 020 |
_c125.00 _a8188122009 |
||
| 035 | _aB-048696 | ||
| 037 | _bCen Lib/Ret | ||
| 040 |
_aDPL _bHN |
||
| 082 |
_a821 _bशर्मार |
||
| 100 |
_aशर्मा, रवि _95680 |
||
| 245 |
_aसंघर्ष-मीमांसा / _cरवि शर्मा |
||
| 246 |
_aSangarh-simansa / _bby Ravi Sharma |
||
| 260 |
_aनई दिल्ली _bभारतीय प्रकाशन संसथान _c2001 |
||
| 270 |
_bनई दिल्ली _a24/4855, अंसारी रोड, दरयागंज _e110002 |
||
| 300 |
_a124पृ. _c20सेमी(सजिल्द) |
||
| 650 |
_aहिन्दी साहित्य _946397 |
||
| 650 |
_aहिन्दी साहित्य -- कविता _946398 |
||
| 650 |
_aHindi literature _946399 |
||
| 650 |
_aHindi literature -- Poetry _946400 |
||
| 942 |
_2ddc _cHN _h821 _mशर्मार |
||
| 999 |
_c112221 _d112221 |
||